Quizzes
Events
Quiz Creation
Community
Videos
Private Events
Remove Ads
Sign In
Join for FREE
Feedback
Dark Mode
Quiz Categories
Sports
Geography
Music
Movies
Television
Just For Fun
Miscellaneous
History
Literature
Language
Science
Gaming
Entertainment
Religion
Holiday
For Kids
Quiz Lab
Recent
Popular Today
Quiz Kudos Today
Editor Picks
Curator Picks
Quizzes by...
Day
Popularity
Type
Ratings
Length
Year
Community
Subscriptions
Recent Discussions
Orange Saloon
Badges
Playlists
Quests
Create
Leaderboards
Showdown
Live 5
Trivia Bingo
Activity
Puzzle Library
Sporcle Events
Private Events
Virtual Trivia
Globe League
Become a Host
Pub Owners
SporcleCon
Opinionation
Our Games
Videos
Blog
Mobile Apps
Partnerships
Remove Ads and Go Orange
Feedback
Geography
Country
Landmarks
City
State
Population
World
Capital
Continent
Flags
Europe
Africa
Asia
South America
North America
Oceania
Border
Canada
United Kingdom
Topography
United States
Geography
Country
Landmarks
City
State
Population
World
Capital
Continent
Flags
Europe
Africa
Asia
South America
North America
Oceania
Border
Canada
United Kingdom
Topography
United States
Random Quiz
Search Sporcle
×
Curator Pick
Curator Pick
Geography
Alphabet
Click on answers out of a set of options
Click on answers out of a set of options
Multiple Choice
Best Score? Go Orange.
Choose the UK's Largest Towns and Cities A-Z Stats
Can you choose the largest town or city in the UK beginning with each letter of the alphabet?
By
SporcleEXP
5m
20 Questions
804 Plays
804 Plays
804 Plays
Comments
Comments
Give Quiz Kudos
Give Quiz Kudos
-
- Ratings
hide this ad
More Info
Random Order
Randomize order of answers
Randomize order of answers
Replay
Link that replays current quiz
Next Quiz
Link to next quiz in quiz playlist
You Got
0%
They Got
Avg Score
73%
Avg Friend Score
Upgrade to see
Score Distribution
Jump to the score distribution portion of the page
Score
0/20
Timer
05:00
0
Plays Today
Question
Answer
Wrong Answers
What is the largest town or city in the UK beginning with
A
?
Aberdeen
96%
Aylesbury
1.5%
Aldershot
1.5%
Armagh
1%
What is the largest town or city in the UK beginning with
M
?
Manchester
95.6%
Margate
0.2%
Milton Keynes
0.9%
Middlesbrough
0.9%
What is the largest town or city in the UK beginning with
G
?
Glasgow
94.9%
Gateshead
0.6%
Gillingham
0.5%
Gloucester
2.2%
What is the largest town or city in the UK beginning with
E
?
Edinburgh
94.6%
Exeter
2.5%
Eastleigh
0.4%
Eastbourne
0.9%
What is the largest town or city in the UK beginning with
B
?
Birmingham
94.4%
Bradford
0.1%
Belfast
2.4%
Bristol
2.7%
What is the largest town or city in the UK beginning with
Y
?
York
94.3%
Yeovil
2.1%
Yate
0.6%
Yarm
0.2%
What is the largest town or city in the UK beginning with
L
?
London
90.4%
Leeds
2%
Liverpool
5%
Leicester
0.4%
What is the largest town or city in the UK beginning with
R
?
Reading
86.7%
Rotherham
7.7%
Redditch
1.2%
Rugby
2%
What is the largest town or city in the UK beginning with
O
?
Oxford
86%
Oldham
10.7%
Ossett
0.2%
Omagh
0.6%
What is the largest town or city in the UK beginning with
K
?
Kingston upon Hull
85.9%
Keighley
2.6%
Kettering
7.9%
Kirkcaldy
1.4%
What is the largest town or city in the UK beginning with
I
?
Ipswich
78.8%
Immingham
1.1%
Inverness
18%
Ilkley
0%
What is the largest town or city in the UK beginning with
W
?
Wolverhampton
77.8%
Woking
2.2%
Warrington
3.7%
Watford
13.5%
What is the largest town or city in the UK beginning with
S
?
Sheffield
73.1%
Southampton
18.5%
Swansea
3.2%
Sunderland
2.7%
What is the largest town or city in the UK beginning with
D
?
Derby
69.7%
Doncaster
7.2%
Darlington
1.4%
Dundee
20.1%
What is the largest town or city in the UK beginning with
H
?
Huddersfield
67.8%
Hartlepool
4.1%
Halifax
20.3%
High Wycombe
5.7%
What is the largest town or city in the UK beginning with
P
?
Portsmouth
66.3%
Plymouth
19.7%
Peterborough
5.9%
Preston
5.7%
What is the largest town or city in the UK beginning with
T
?
Telford
39.5%
Tamworth
10.8%
Torquay
28.3%
Tynemouth
18.7%
What is the largest town or city in the UK beginning with
N
?
Nottingham
36.5%
Newcastle-Upon-Tyne
54.5%
Northampton
3.1%
Norwich
3.4%
What is the largest town or city in the UK beginning with
C
?
Coventry
29.3%
Cardiff
68.8%
Clydebank
0.1%
Carlisle
1.2%
What is the largest town or city in the UK beginning with
F
?
Filton
14.7%
Fareham
19.3%
Farnborough
51.7%
Farsley
12.2%
Quiz Playlist
Details
Report
Send in Message
Add To Playlist
More Info:
J, Q, U, V, X and Z are not included due to a lack of cities of a suitable size.
Multiple Choice:
Click on answers out of a set of options
Random Order:
Randomize order of answers
Quiz Source
Last Updated: Jul 27, 2020
Curator Pick in
Alphabet
Quiz Scoreboard
CHALLENGE
Sign Up to Join the Scoreboard
Show All
Scores
Hide
Comments
May contain spoilers
Recently Published
An Introduction to Baseball
by treessimontrees
Sports
5m
Movies - When Are They Set?
by FPL_Elf
Movies
5m
Popular People in 1961
by mucciniale
History
6m
More to Explore
Quiz From the Vault
Featured Blog Post
Where Did the Easter Bunny Come From?
hide this ad
You Might Also Like...
Tags
Alphabet Quiz
City Quiz
Continent Quiz
Europe Quiz
United Kingdom Quiz
Alphabetical
Multiple Choice
Today's Top Quizzes in Geography
Browse Geography
hide this ad
Today's Top Quizzes in Alphabet
Browse Alphabet
Top Contributed Quizzes in Geography
1
Countries of the World - No Outlines Minefield
2
Top 25 Cities of France on a map
3
Closest Countries to UK A-Z
4
Any capital of a 'B' country per Continent
5
One Thing in Common: United Kingdom
6
Find the Provinces of Canada - No Outlines Minefield
7
Any capital of a 'C' country per Continent
8
Blind Secret Country CLXXXVIII
9
Find the US States - No Outlines
10
Any capital of a 'D' country per Continent
Explore More
Trending Topics
Harry Potter
Crossword
Anime
Kpop
NBA
Disney
Marvel
Song
WWE
Soccer
Pokémon
Country
The Office
NFL
Puzzle
hide this ad
More By:
SporcleEXP
Quiz
Plays
Rating
Category
Featured
Created
Harry Potter Deaths in Order Minefield
3,068,087
4.18
Literature
Jan 27, 2016
Sins, Dwarfs, and Spice Girls
847,253
4.42
Just For Fun
Apr 11, 2012
Ancient History Bunker
708,053
4.28
History
Jan 20, 2014
Movie Posters VI
678,977
4.37
Movies
Nov 12, 2010
Movie Posters VII
621,801
4.44
Movies
Apr 16, 2011
Go to Creator's Profile
Score Distribution
Quiz Creator Spotlight
SporcleEXP
Follow
Send a Message
Quizzes Created
-
Created Quiz Play Count
-
More By This Creator
Popular Quizzes Today
1
Find the Countries of Europe - No Outlines Minefield
2
Find the US States - No Outlines Minefield
3
The Countries of the World
4
Popular People in 1961
5
US States
6
Find the US States
7
1-10 Letter E Words III
8
Risky Map Clicking: Biggest States A-Z
More Geography Quizzes
Countries: After 'X' and 'Z'
Published
Trending Quizzes
Risky Map Clicking: Least Populous States A-Z
1-10 Letter F Words
1-10 Letter G Words
Not Quite an Element Typing Challenge
One Thing in Common: United Kingdom
Recently Updated
Leaping Animals
pecheneg
Reality TV Shows (A-Z)
bhenderson79
Rickey Henderson's Hall of Fame Teammates
pecheneg
Champions League XIs: Arsenal
pecheneg
Quick Pick: Celebrities in WWE's Hall of Fame
aduchscher
A-Z Keypad Blitz II
pecheneg
Multiple Oscar Actors
pecheneg
Mystery Phrase Blitz: Oscar 'Best Actors'
pecheneg
F. Scott Fitzgerald Novels
LTH
Pick 3 Villains
ddd62291
Trending Topics
Harry Potter
Kpop
Disney
Marvel
Anime
NBA
Crossword
Song
WWE
The Office
Country
Puzzle
Pokémon
Soccer
NFL
Your Account Isn't Verified!
In order to create a playlist on Sporcle, you need to verify the email address you used during registration. Go to your
Sporcle Settings
to finish the process.
Report this User
Report this user for behavior that violates our
Community Guidelines
.
Details:
Send Report
Go to the Sporcle.com Mobile Site →
Comments